logo

Bir Sreshtho Munshi Abdur Rouf Library
Jhenaidah Cadet College

Research Methodology: (Record no. 12481)

MARC details
000 -LEADER
fixed length control field 00741nam a2200253 a 4500
001 - CONTROL NUMBER
JCCL Control Number 12481
003 - CONTROL NUMBER IDENTIFIER
JCCL marc code BD-JhCC
005 - DATE AND TIME OF LATEST TRANSACTION
control field 20221107134024.0
008 - FIXED-LENGTH DATA ELEMENTS--GENERAL INFORMATION
fixed length control field 220302b2008 bg a|||| ||a| 001 0 eng d
020 ## - INTERNATIONAL STANDARD BOOK NUMBER
International Standard Book Number 9789848471302
035 ## - SYSTEM CONTROL NUMBER
system control number (BD-JhCC)12481
040 ## - CATALOGING SOURCE
Original cataloging agency BD-JhCC
Modifying agency BD-JhCC
041 ## - LANGUAGE CODE
Language code of Book English
082 ## - DEWEY DECIMAL CLASSIFICATION NUMBER
Classification number 001.42
Author mark and Year ZAN 2008
100 ## - MAIN ENTRY--PERSONAL NAME
Personal name Zannat,Rowshan
245 ## - TITLE STATEMENT
Title Research Methodology:
Remainder of title A Comparative Study /
Statement of responsibility, etc Rowshan Zannat, M Abdul Aziz .
260 ## - PUBLICATION, DISTRIBUTION, ETC. (IMPRINT)
Place of publication, distribution, etc Dhaka :
Name of publisher, distributor, etc Bangladesh Institute Of Islamic Thought;
Date of publication, distribution, etc 2008.
300 ## - PHYSICAL DESCRIPTION
Pagination 290 p. :
Other physical details ill;
Dimensions 24 cm.
490 ## - SERIES STATEMENT
Series statement Text Books Serics on Academic Research.
650 ## - SUBJECT ADDED ENTRY--TOPICAL TERM
Topical term or geographic name as entry element Research------Methodology.
700 ## - ADDED ENTRY--PERSONAL NAME
Personal name Aziz,M Abdul
942 ## - ADDED ENTRY ELEMENTS (KOHA)
Source of classification or shelving scheme Dewey Decimal Classification
Koha item type Books
Koha issues (borrowed), all copies 1
Holdings
Source of classification or shelving scheme Damaged status Not for loan Home library Current library Shelving location Date of accession Cost, normal purchase price Total Checkouts Full call number Barcode Date last seen Date checked out Copy number Koha item type
Dewey Decimal Classification     JCC Rouf Library JCC Rouf Library General Stacks 11/07/2023 150.00 1 001.42 ZAN 2008 16695 11/07/2023 11/06/2022 C-1 Books

JCC Library | Contacts | JCC Home

Last Update on 23 September 2017
Copyright @ 2017-2020 JCC Rouf Library
Rouf Library, Jhenidah Cadet College (JCC), Bangladesh